Groupes de choses - Préfectures en France - Statistiques

Statistiques générales
  • Ce quiz a été pris 207 fois
    74 depuis la dernière actualisation
  • Le résultat moyen est 20 sur 53
Statistiques - réponses
Indice Pays % Correct
En bord de mer Marseille
92%
En bord de mer Nice
92%
Qui ne sont pas la commune la plus peuplée du département Quimper
82%
Limitrophe d'un pays étranger Strasbourg
80%
En bord de mer Toulon
79%
En bord de mer La Rochelle
74%
Qui ne sont pas la commune la plus peuplée du département Rouen
64%
En bord de mer Vannes
62%
Qui ne sont pas la commune la plus peuplée du département Vannes
62%
En bord de mer Ajaccio
59%
Qui ne sont pas la commune la plus peuplée du département Châlons-en-Champagne
59%
En bord de mer Saint-Brieuc
59%
En bord de mer Bastia
57%
Qui ne sont pas la commune la plus peuplée du département Colmar
52%
Qui ne sont pas la commune la plus peuplée du département Arras
51%
Qui ne sont pas la commune la plus peuplée du département Privas
51%
Limitrophe d'un autre département Mâcon
49%
Qui ne sont pas la commune la plus peuplée du département Mâcon
49%
Qui ne sont pas la commune la plus peuplée du département Tulle
49%
Qui ne sont pas la commune la plus peuplée du département Saint-Lô
48%
Limitrophe de deux départements Avignon
46%
Qui ne sont pas la commune la plus peuplée du département Bobigny
46%
Qui ne sont pas la commune la plus peuplée du département Moulins
46%
Qui ne sont pas la commune la plus peuplée du département Bar-le-Duc
44%
Qui ne sont pas la commune la plus peuplée du département Carcassonne
44%
Qui ne sont pas la commune la plus peuplée du département Lons-le-Saunier
44%
Qui ne sont pas la commune la plus peuplée du département Digne-les-Bains
43%
Qui ne sont pas la commune la plus peuplée du département Foix
43%
Limitrophe de deux départements Nanterre
43%
Qui ne sont pas la commune la plus peuplée du département Nanterre
43%
Limitrophe d'un autre département Versailles
39%
Qui ne sont pas la commune la plus peuplée du département Créteil
38%
Qui ne sont pas la commune la plus peuplée du département Laon
36%
Qui ne sont pas la commune la plus peuplée du département Melun
36%
Qui ne sont pas la commune la plus peuplée du département Chaumont
33%
Limitrophe d'un autre département Valence
33%
Qui ne sont pas la commune la plus peuplée du département Pontoise
30%
Limitrophe d'un autre département Alençon
28%
Devenues sous-préfectures Draguignan
18%
Devenues sous-préfectures Grasse
8%
Devenues sous-préfectures Aix-en-Provence
7%
Devenues sous-préfectures Castres
7%
Devenues sous-préfectures Douai
7%
Devenues sous-préfectures Fontenay-le-Comte
5%
Devenues sous-préfectures Montbrison
3%
Supprimées en France Brignoles
2%
Devenues sous-préfectures Coutances
2%
Supprimées en France Navarrenx
2%
Devenues sous-préfectures Saint-Flour
2%
Supprimées en France Feurs
0%
Supprimées en France Gray
0%
Devenues sous-préfectures Saintes
0%
Devenues sous-préfectures Villefranche-de-Rouergue
0%
Aucun quiz correspondant
Distribution des résultats
% des personnes avec chaque résultat
Percentile par nombre de réponses
Votre historique - résultats
Vous n’avez pas pris ce quiz depuis la dernière actualisation